| 000 | 01243cam a22001934a 4500 | ||
|---|---|---|---|
| 005 | 20250605164144.0 | ||
| 008 | 250528s ||||||||||||||||||||||||d | ||
| 035 | _a19080 | ||
| 020 | _a960010414 | ||
| 040 |
_aGR-AtMCL _bgre _dGR-AtMCL _eAACR2 |
||
| 245 | 1 | _aΟικονομικά Μαθηματικά και Αξιολόγηση Επενδύσεων / Με Εφαρμογές σε Lotus 1-2-3 | |
| 260 |
_bGutenberg, _c1993 |
||
| 300 | _a248 | ||
| 520 | _aΣτο βιβλίο αυτό δίνεται μια εισαγωγή στα Οικονομικά Μαθηματικά, δηλαδή στους υπολογισμούς που υπεισέρχονται σε θέματα χρηματοδότησης και αξιολόγησης καθημερινών οικονομικών αποφάσεων, επενδυτικής ή λειτουργικής φύσεως. Πρόλογος, Εισαγωγή, Απλή Κεφαλαιοποίηση, Σύνθετη Κεφαλαιοποίηση, Σειρές Πληρωμών, Δάνεια - Ομολογίες, Αξιολόγηση Επενδύσεων, Βιβλιογραφία. | ||
| 700 | 1 |
_aΜαγειρός Ευάγγελος Φ _95339 |
|
| 942 | _cBK | ||
| 999 |
_c4362 _d4362 |
||